| 000 | 00802nam a22002777a 4500 | ||
|---|---|---|---|
| 001 | 25376 | ||
| 003 | DO-SdBNP | ||
| 005 | 20180222105637.0 | ||
| 007 | 25376 | ||
| 008 | 840424s1985 sp a 000 spa | ||
| 016 | 7 | _2BPMSU | |
| 020 | _a8471765632 | ||
| 040 |
_aBPMSU _bspa _cBPMSU |
||
| 100 | 1 | _aPackard, Edward | |
| 240 | 1 | 0 |
_aUnderground kingdom _lEspañol |
| 245 | 1 | 3 |
_aEl reino subterráneo / _cEdward Packard ; ilustraciones, Antohony Kramer |
| 250 | _a4ª ed. | ||
| 260 |
_aBarcelona; _bTimun Mas, _c1985. |
||
| 300 |
_a108 p.; _bil.: _c17 cm. |
||
| 490 | 0 |
_aElige tu propia aventura _v8 |
|
| 700 |
_4Kramer, Antoniy _ailustraciones |
||
| 830 | 0 |
_aElige tu propia aventura _v8 |
|
| 942 |
_2ddc _cBK |
||
| 945 | _aInventariado, 2018/ YL | ||
| 956 |
_aVMATEO _210 _320151123 _6BPMSU _800151 |
||
| 999 |
_c8864 _d8864 |
||